Tìm hiểu pháp lệnh thi hành án phạt tù và các văn bản pháp luật có liên quan
Nhận thức chung và cơ quan quản lý công tác thi hành án phạt tù. Tổ chức và thủ tục thi hành án phạt tù. Chế độ giam giữ, giáo dục, lao động và sinh hoạt đối với người đang chấp hành hình phạt tù.
Sparad:
| Huvudupphovsman: | |
|---|---|
| Materialtyp: | Bok |
| Språk: | Undetermined |
| Publicerad: |
Thành phố Hồ Chí Minh
Thành phố Hồ Chí Minh
1998
|
| Ämnen: | |
| Taggar: |
Lägg till en tagg
Inga taggar, Lägg till första taggen!
|
| Thư viện lưu trữ: | Trung tâm Học liệu Trường Đại học Cần Thơ |
|---|
| LEADER | 01064nam a2200217Ia 4500 | ||
|---|---|---|---|
| 001 | CTU_28358 | ||
| 008 | 210402s9999 xx 000 0 und d | ||
| 020 | |c 12000 | ||
| 082 | |a 345.077 | ||
| 082 | |b Th107 | ||
| 100 | |a Trịnh, Văn Thanh | ||
| 245 | 0 | |a Tìm hiểu pháp lệnh thi hành án phạt tù và các văn bản pháp luật có liên quan | |
| 245 | 0 | |c Trịnh Văn Thanh | |
| 260 | |a Thành phố Hồ Chí Minh | ||
| 260 | |b Thành phố Hồ Chí Minh | ||
| 260 | |c 1998 | ||
| 520 | |a Nhận thức chung và cơ quan quản lý công tác thi hành án phạt tù. Tổ chức và thủ tục thi hành án phạt tù. Chế độ giam giữ, giáo dục, lao động và sinh hoạt đối với người đang chấp hành hình phạt tù. | ||
| 650 | |a Criminal procedure,Tố tụng hình sự | ||
| 650 | |z Vietnam,Việt Nam | ||
| 904 | |i Nguyễn Quang Điền, 990125 (Nguyên sửa) | ||
| 980 | |a Trung tâm Học liệu Trường Đại học Cần Thơ | ||